| 000 -LEADER |
| fixed length control field |
03175cam a2200469Ii 4500 |
| 001 - CONTROL NUMBER |
| control field |
925544683 |
| 003 - CONTROL NUMBER IDENTIFIER |
| control field |
OCoLC |
| 005 - DATE AND TIME OF LATEST TRANSACTION |
| control field |
20241110201811.0 |
| 006 - FIXED-LENGTH DATA ELEMENTS--ADDITIONAL MATERIAL CHARACTERISTICS |
| fixed length control field |
m o d |
| 007 - PHYSICAL DESCRIPTION FIXED FIELD--GENERAL INFORMATION |
| fixed length control field |
cr cu||||||||| |
| 008 - FIXED-LENGTH DATA ELEMENTS--GENERAL INFORMATION |
| fixed length control field |
151020t20162016paua ob 001 0 eng d |
| 010 ## - LIBRARY OF CONGRESS CONTROL NUMBER |
| LC control number |
2015008633 |
| 016 7# - NATIONAL BIBLIOGRAPHIC AGENCY CONTROL NUMBER |
| Record control number |
101652996 |
| Source |
DNLM |
| 020 ## - INTERNATIONAL STANDARD BOOK NUMBER |
| Qualifying information |
(alk. paper) |
| International Standard Book Number |
1451192754 |
| 020 ## - INTERNATIONAL STANDARD BOOK NUMBER |
| Qualifying information |
(alk. paper) |
| International Standard Book Number |
9781451192759 |
| 035 ## - SYSTEM CONTROL NUMBER |
| System control number |
(OCoLC)925544683 |
| Canceled/invalid control number |
(OCoLC)921871309 |
| 040 ## - CATALOGING SOURCE |
| Original cataloging agency |
FFQ |
| Language of cataloging |
eng |
| Description conventions |
rda |
| -- |
pn |
| Transcribing agency |
FFQ |
| Modifying agency |
DKU |
| -- |
OCLCF |
| -- |
CUX |
| -- |
OCLCQ |
| -- |
OCLCO |
| -- |
OCLCQ |
| -- |
YDX |
| -- |
UAB |
| -- |
TFH |
| -- |
OCLCO |
| 049 ## - LOCAL HOLDINGS (OCLC) |
| Holding library |
YYEA |
| 080 ## - UNIVERSAL DECIMAL CLASSIFICATION NUMBER |
| Universal Decimal Classification number |
612 |
| Item number |
P-32 |
| 096 ## - LOCALLY ASSIGNED NLM-TYPE CALL NUMBER (OCLC) |
| Classification number |
WG 200 P2973 2016 |
| 100 ## - MAIN ENTRY--PERSONAL NAME |
| 9 (RLIN) |
125 |
| Personal name |
Lilly, S. Leonard |
| 245 00 - TITLE STATEMENT |
| Title |
Pathophysiology of heart disease : |
| Remainder of title |
a collaborative project of medical students and faculty / |
| Statement of responsibility, etc. |
editor, Leonard S. Lilly. |
| 250 ## - EDITION STATEMENT |
| Edition statement |
6th ed. |
| 260 ## - PUBLICATION, DISTRIBUTION, ETC. |
| Place of publication, distribution, etc. |
Philadelphia : |
| Name of publisher, distributor, etc. |
Wolters Kluwer, |
| Date of publication, distribution, etc. |
[2016] |
| 300 ## - PHYSICAL DESCRIPTION |
| Extent |
xi, 467 pages : |
| Other physical details |
illustrations (chiefly color) |
| 365 ## - TRADE PRICE |
| Price amount |
33.29 usd |
| 500 ## - GENERAL NOTE |
| General note |
EINSTEIN: available online via LWW Health Library. See Reference staff for assistance. |
| 504 ## - BIBLIOGRAPHY, ETC. NOTE |
| Bibliography, etc. note |
Includes bibliographical references and index. |
| 505 0# - FORMATTED CONTENTS NOTE |
| Formatted contents note |
Normal cardiac structure and function / Jacob E. Lemieux, Elazer R. Edelman, Gary Strichartz, and Leonard S. Lilly -- The cardiac cycle: mechanisms of heart sounds and murmurs / David B. Fischer and Leonard S. Lilly -- Cardiac imaging and catheterization / Diana M. López and Patricia Challender Come -- The electrocardiogram / David B. Fischer and Leonard S. Lilly -- Atherosclerosis / SarrahShahawy and Peter Libby -- Ischemic heart disease / Jayme Wilder, Marc S. Sabatine, and Leonard S. Lilly -- Acute coronary syndromes / Jayme Wilder, Marc S. Sabatine, and Leonard S. Lilly -- Valvular heart disease / Elizabeth Ryznar, Patrick T. O'Gara, and Leonard S. Lilly -- Heart failure / David Miranda, Gregory Lewis and Michael A. Fifer -- The cardiomyopathies / P. Connor Johnson, G. William Dec, and Leonard S. Lilly -- Mechanisms of cardiac arrhythmias / Morgan J. Prust, William G. Stevenson, Gary R. Strichartz, and Leonard S. Lilly -- Clinical aspects of cardiac arrhythmias / Morgan J. Prust, William G. Stevenson, and Leonard S. Lilly -- Hypertension / Joshua Drago, Gordon H. Williams, and Leonard S. Lilly -- Diseases of the pericardium / Leonard S. Lilly -- Diseases of the peripheral vasculature / SruthiRenati and Mark A. Creager -- Congenital heart disease / Zena L. Knight and David W. Brown -- Cardiovascular drugs / Andrey V. Dolinko, Michael T. Kuntz, Elliott M. Antman, Gary R. Strichartz, and Leonard S. Lilly. |
| 588 0# - SOURCE OF DESCRIPTION NOTE |
| Source of description note |
Print version record. |
| 590 ## - LOCAL NOTE (RLIN) |
| Local note |
c.1 10071106 Ritt 3/2/17 $53.99. |
| 650 #2 - SUBJECT ADDED ENTRY--TOPICAL TERM |
| Topical term or geographic name entry element |
Heart Diseases |
| General subdivision |
physiopathology. |
| 650 #0 - SUBJECT ADDED ENTRY--TOPICAL TERM |
| Topical term or geographic name entry element |
Medicine |
| 9 (RLIN) |
69 |
| 650 #0 - SUBJECT ADDED ENTRY--TOPICAL TERM |
| Topical term or geographic name entry element |
Pathology |
| 9 (RLIN) |
112 |
| 653 ## - INDEX TERM--UNCONTROLLED |
| Uncontrolled term |
პათოლოგია |
| 653 ## - INDEX TERM--UNCONTROLLED |
| Uncontrolled term |
პათოფიზიოლოგია |
| 653 ## - INDEX TERM--UNCONTROLLED |
| Uncontrolled term |
მედიცინა |
| 700 1# - ADDED ENTRY--PERSONAL NAME |
| Personal name |
Lilly, Leonard S. |
| 710 2# - ADDED ENTRY--CORPORATE NAME |
| Corporate name or jurisdiction name as entry element |
Harvard Medical School. |
| 776 08 - ADDITIONAL PHYSICAL FORM ENTRY |
| Relationship information |
Print version: |
| Title |
Pathophysiology of heart disease. |
| Edition |
Edition 6. |
| Place, publisher, and date of publication |
Philadelphia : Wolters Kluwer, [2016] |
| International Standard Book Number |
9781451192759 |
| Record control number |
(DLC) 2015008633 |
| -- |
(OCoLC)904424085. |
| 942 ## - ADDED ENTRY ELEMENTS (KOHA) |
| Source of classification or shelving scheme |
|
| Koha item type |
Books |
| Edition |
6 |